|
|
|
|
| LEADER |
00000cam a2200000 7i4500 |
| 001 |
0000003636 |
| 005 |
20080124.0 |
| 020 |
0 |
0 |
|a 8177541962
|
| 090 |
0 |
0 |
|a 574.507
|b PUR
|
| 100 |
1 |
0 |
|a Purohit, S.S.
|
| 245 |
1 |
0 |
|a Ecology, environment, and pollution
|c S.S. Purohit and R. Ranjan
|
| 260 |
0 |
0 |
|a Jodhpur, India :
|b Agrobios (India) ,
|c 2005
|
| 300 |
|
|
|a 1023 p. :
|b ill. ;
|c 25 cm.
|
| 650 |
0 |
0 |
|a Ecology
|x Study and teaching
|
| 650 |
0 |
0 |
|a Environmental protection
|x Study and teaching.
|
| 650 |
0 |
0 |
|a Pollution
|x Study and teaching.
|
| 700 |
1 |
1 |
|a Ranjan, R.
|
| 999 |
|
|
|a 0000007266
|b Monograph
|c Open Shelf
|e Default branch
|